| 000 | 01044nas a2200337 4500 | ||
|---|---|---|---|
| 001 | BR8204407 | ||
| 003 | BR-BrBNA | ||
| 005 | 20231205085218.0 | ||
| 007 | ta | ||
| 008 | 230509b bl.|||p| |||| 00| 00por d | ||
| 040 |
_aBR-BrBNA _bpor _cBiblioteca Nacional de Agricultura |
||
| 041 | _a(Pt) | ||
| 072 | _aF00; F30 | ||
| 100 | 1 | _aBorba, C. da S. | |
| 100 | 1 | _aBarni, N.A. | |
| 100 | 1 | _aYamardo, A. | |
| 100 | 1 | _aGomes, J.E. da S. | |
| 100 | 1 | _aGoncalves, J.C. | |
| 100 | 1 | _aSartori, G. | |
| 111 | 1 |
_a2. Congresso Brasileiro de Sementes _cRecife, PE (Brazil) _d1981 |
|
| 245 | 1 | _aEpoca de colheita, rendimento de graos e qualidade das sementes de colza (Brassica napus L. var. Oleifera Metzg.) | |
| 650 | _aCOLHEITA | ||
| 650 | _aRENDIMENTO | ||
| 650 | _aSEMENTE | ||
| 650 | _aPODER GERMINATIVO | ||
| 650 | _aCOLZA | ||
| 650 | _aPLANTA OLEAGINOSA | ||
| 773 | 0 |
_tAgronomia Sulriograndense (Brazil) _xISSN 0400-8111 _g(1982), v. 18(2) p. 39-58 _wBR8204407 |
|
| 909 |
_a202311 _bLúcia _c55 _dLúcia Elande |
||
| 942 |
_2AGRIS _n0 _cANA |
||
| 999 |
_c110025 _d110025 |
||